Zeszyty Naukowe Wyższej Szkoły Humanitas Seria Zarządzanie

Enregistré dans:
Détails bibliographiques
Format: Publication en série
Langue:anglais
polonais
Publié: Sosnowiec Oficyna Wydawnicza Humanitas
Tags: Ajouter un tag
Pas de tags, Soyez le premier à ajouter un tag!

MARC

LEADER 00000nas1a2200000 4500
001 0290227
005 20240417080452.1
022 |a 2657-4780 
022 |a 1899-8658 
041 0 |a eng 
041 0 |a pol 
044 |a PL 
245 1 0 |a Zeszyty Naukowe Wyższej Szkoły Humanitas  |b Seria Zarządzanie 
264 1 |a Sosnowiec  |b Oficyna Wydawnicza Humanitas